000 00336 a2200157 4500
001 114090
041 _apor
090 _aCOMPUTADOR DELL D13S
245 1 0 _aComputador Dell D13S
250 _a. ed.
300 _a[s.l.]
856 _u000011/00001111.jpg
040 _aBR-BrIDEA
_cBR-BrIDEA
260 _a[S.l.]
_c2018
942 _cDE
999 _c114090
_d114090